000
00261nam a22001217a 4500
999
_c
8224
_d
8224
003
OSt
005
20260407112259.0
008
201006b ||||| |||| 00| 0 eng d
020
_a
9788170336532
082
_a
01.42
_b
AHU
245
_a
Research Methods
942
_2
ddc